000 00873nam a22002297a 4500
999 _c1171
_d1171
003 AR-CdUCM
008 190226b ||||| |||| 00| 0 spa d
040 _aMUNICIPALIDAD PROVINCIAL DEL CUSCO
_cBIBLIOTECA MUNICIPAL DEL CUSCO
082 _a373.22 /
_bP26
100 _aPlanchard, Émile
_94596
245 _aOrientaciones actuales de la pedagogía /
260 _aBuenos Aires :
_bTroquel ,
_c1950.
300 _a218 páginas ;
_c22 cm.
440 _aEl mundo del Hoy
_94597
505 _aComplejidad y unidad de la pedagogía -- Las bases psicológicas de la pedagogía moderna -- Sociología y pedagogía -- La organización científica de la escuela...
650 _aPedagogía.
_91560
650 _aOrganización de la escuela.
_94598
650 _aEducación.
_9460
650 _aPsicología pedagógica.
_94599
942 _2ddc
_cLIBROS
945 _awfj
_d2019-02-26